000
00236nmm a2200085Ia 4500
008
220120s9999||||xx |||||||||||||||||und||
100
_a
CHIP magazine
245
0
_a
Linux Destros; ubuntu 2013, mageia3, centoes, pc Linux OS,
260
_c
2013
999
_c
139854
_d
139854